Sports Ethics : An Anthology /

Gardado en:
Detalles Bibliográficos
Autor Principal: Boxill, Jan (ed.)
Formato: Libro
Idioma:inglés
Publicado: Malden, EUA : Blackwell, 2003, c2003
Temas:
Etiquetas: Engadir etiqueta
Sen Etiquetas, Sexa o primeiro en etiquetar este rexistro!

MARC

LEADER 00000nam^a2200000^a^4500
001 000183882
005 20250521000000.0
009 20260310102054.931
020 |a 0-631-21697-9 
037 |a Acervo ITESO - Biblioteca 
041 |a ING 
082 |a 796. 01  |b BOX 
100 |a Boxill, Jan  |e (ed.) 
245 1 0 |a Sports Ethics :  |b An Anthology /  |c Ed. J. Boxill ; pról. de Dean Smith. 
264 4 |a Malden, EUA :  |b Blackwell,  |c 2003, c2003 
300 |a XX, 351 p. 
336 |a texto  |b txt  |2 rdacontenido 
337 |a sin mediación  |b n  |2 rdamedio 
338 |a volumen  |b nc  |2 rdasoporte 
649 |a XX 
650 |a Deportes -  |x Aspectos Eticos 
650 |a Educación Física -  |x Aspectos Eticos 
650 |a Campeonatos Deportivos -  |x Aspectos Eticos 
650 |a Responsabilidad 
650 |a Género 
650 |a Roles 
650 |a Drogas 
650 |a Violencia 
650 |a Racismo 
650 |a Deportes 
910 |a Fondo General 
920 |a Impresos - Libros 
930 |a Colección General 
905 |a 101 
901 |a 0500124617  |b IT1  |c ACC  |u 20250521 
902 |a https://opac.biblio.iteso.mx/vufind/Record/000183882